Personnages Disney par image - Statistiques

Statistiques générales
  • Ce quiz a été pris 148 fois
  • Le résultat moyen est 6 sur 16
Statistiques - réponses
Par images Réponse % Correct
Hei-Hei
86%
Eurêka
78%
Meeko
66%
Shan-yu
57%
Si & Am
57%
Féline
53%
Darla
49%
Pataud
39%
Gédéon
31%
Veuve tartine
26%
Evinrude
25%
Roi Hubert
19%
Duc de Weselton
13%
Les frères Stabbington
9%
Tia Rosita
6%
Monsieur D'arque
2%
Aucun quiz correspondant
Distribution des résultats
% des personnes avec chaque résultat
Percentile par nombre de réponses
Votre historique - résultats
Vous n’avez pas pris ce quiz